| 000 | 02181cam a22004814i 4500 | ||
|---|---|---|---|
| 003 | PE-LiUPU | ||
| 005 | 20250731173435.0 | ||
| 008 | 150616s1971 sp r 000 0 spa d | ||
| 035 | _a(Sirsi) a532 | ||
| 040 |
_aPE-LiUPU _bspa _cPE-LiUPU _erda |
||
| 049 | _aPRUA | ||
| 082 | 0 | 4 |
_a280.2628 _bD15 _221 |
| 100 | 1 |
_aDalmau, Josep, _eautor. |
|
| 245 | 1 | 0 |
_aAgonía del autoritarismo católico / _cJosep Dalmau. |
| 264 | 1 |
_aBarcelona : _bEdiciones Ariel, _c1971. |
|
| 300 |
_a286 páginas ; _c18 centímetros. |
||
| 336 |
_atext _2rdacontent |
||
| 337 |
_aunmediated _2rdamedia |
||
| 338 |
_avolume _2rdacarrier |
||
| 490 | 0 | _aLibros del nopal | |
| 505 | 0 | _aLa sedicente crisis de obediencia -- La iglesia sin obediencia: en comunión -- La obediencia en el nacimiento de la "sociedad canónica" -- Frente a la reforma, concentración de la autoridad -- Formas de obediencia preconciliar -- Fundamentos teológicos de la obediencia preconciliar -- La obediencia condicionada por la estructura de gobierno -- Limitaciones y obstáculos del derecho canónico -- Obediencia y psicoanálisis -- La incorporación del diálogo en la iglesia católica -- Dinámica del diálogo autoridad-súbdito -- El pueblo de Dios como fundamento teológico de la iglesia -- Pluralismo de la sociedad eclesial -- Esbozo de una resistencia eclesial. | |
| 526 | _aSEG42 | ||
| 526 | _aSEG41 | ||
| 526 | _aSEG40 | ||
| 526 | _aSEG39 | ||
| 526 | _aP94 | ||
| 526 | _aP87 | ||
| 526 | _aP86 | ||
| 526 | _aP85 | ||
| 526 | _aP77 | ||
| 526 | _aP76 | ||
| 526 | _aP35 | ||
| 610 | 2 |
_aIglesia Católica _xDisciplina. |
|
| 650 | 2 | 4 |
_aIglesia _xAutoridad. |
| 650 | 2 | 4 | _aDisciplina eclesiástica. |
| 910 |
_ajck _bjvq _cjck |
||
| 942 |
_2ddc _cBOOK |
||
| 949 |
_a280.2628 D15 _wDEWEY _c1 _i12630 _lCCODEBUL1 _mBUL _p00.00 _r0 _sY _tBOOK _u2015-04-23 _xTEOLOGIA _zUNKNOWN _0COMPRA _o.STAFF. Colección General |
||
| 994 |
_aC0 _bPEPRU |
||
| 596 | _a1 | ||
| 999 |
_a280.2628 D15 _wDEWEY _c55888 _i12630 _f2021-11-11 _g5 _lCCODEBUL1 _mBUL _p30.00 _r0 _sY _tBOOK _u2015-4-23 _xTEOLOGIA _PP35 _0COMPRA _o.STAFF. Colección Teología _d55888 |
||
| 980 |
_81 _gALBERTO SANCHEZ Responsable de Automatización |
||